Ecofascismo : las internacionales ecologistas y las soberanías nacionales /

Guardado en:
Autor Principal: Orduna, Jorge.
Formato: Libro
Idioma:Spanish
Publicado: Buenos Aires : Planeta, c2008.
Materias:
Etiquetas: Agregar Etiqueta
Sin Etiquetas, Sea el primero en etiquetar este registro!
LEADER 00578nam a22001815a 4500
001 EIQ.libpla004185
008 080923s2008####ag############000#0#spa#d
005 20120823101144.0
245 1 0 |a Ecofascismo :  |b las internacionales ecologistas y las soberanías nacionales /  |c Jorge Orduna. 
260 |a Buenos Aires :  |b Planeta,  |c c2008. 
300 |a 232 p. ;  |c 22 cm. 
020 |z 9789508701114 
100 1 |a Orduna, Jorge. 
082 0 4 |a 628  |2 21 
650 4 |a Ecología.  |x Ensayo. 
650 4 |a Ecology.  |x Test. 
040 |a AR-BbSID  |b spa  |c AR-BbSID 
859 |a AR-BbSID  |b BIB. PLAPIQUI  |h 628  |i Or 2  |p 6095